Spongebob Squarepants Main Characters Speedrun - Statistics

General Stats
  • This quiz has been taken 70 times
  • The average score is 6 of 9
Answer Stats
Answer % Correct
Patrick
100%
Spongebob
98%
Mr.Krabs
88%
Sandy
88%
Squidward
83%
Plankton
71%
Gary
56%
Karen
31%
Mrs.Puff
29%
No matching quizzes found
Score Distribution
Percent of People with Each Score
Percentile by Number Answered
Your Score History
You have not taken this quiz